000 011330000a22002170004500
001 768714001
003 CO-MdFUSB
005 20161104153222.0
008 161104s1996 sp ||||| |||| 00| 0 spa d
022 _a0014-1437
040 _aCO-MdFUSB
_bspa
_cCO-MdFUSB
_dCO-MdFUSB
041 _aspa
100 1 _aAguirre, Rafael (1937-)
_eautor
245 1 0 _aEstado actual de los Estudios sobre el Jesús Histórico después del Bultmann
300 _aVolumen 54, número 4 (1996), Páginas 433-463
_c23 cm.
520 _aEn torno a 1980 se inició, principalmente en el mundo anglosajón, a una nueva etapa en los estudios sobre “el Jesús de la historia”. Es la “tercera búsqueda” (en torno a Jesús) tras el enfoque de la teología liberal y los planteamientos de R. Bultman y sus discípulos. Este artículo analiza los principios metodológicos de la nueva tendencia y describe la aportación de sus más significados representantes
546 _aTexto en Español
653 _aJesús Histórico
773 0 _tEstudios Bíblicos
_049452
_960479
_gVolumen 54, número 4 (1996), Páginas 433-463
_qPáginas 433
942 _cANA
999 _c50186
_d50186